| 000 | 00383nam a22001697a 4500 | ||
|---|---|---|---|
| 999 |
_c10998 _d10998 |
||
| 003 | OSt | ||
| 008 | 210814b ||||| |||| 00| 0 eng d | ||
| 020 | _a9789390185719 | ||
| 082 |
_a910.54 _bHUG |
||
| 100 | G | _aHUSAIN, Majid | |
| 245 | _aGeography of India | ||
| 250 | _aRep | ||
| 260 |
_aNew Delhi _bMc Graw Hill _c2020 |
||
| 300 | _aMisc | ||
| 650 | _aYearbook | ||
| 942 |
_2ddc _cBK |
||